[Event "Erbil zt 3.1"]
[Site "Erbil"]
[Date "2025.04.12"]
[Round "6"]
[White "Baqer, Hamed Khlaf"]
[Black "Alalwan, Sajjad Abbas Khudha"]
[Result "1-0"]
[WhiteElo "1977"]
[BlackElo "1917"]
[PlyCount "36"]
[EventDate "2025.04.08"]
[EventType "swiss"]
[EventRounds "9"]
[EventCountry "IRQ"]
[SourceTitle "CB16_2025"]
[SourceDate "2025.04.16"]
[SourceVersion "1"]
[SourceVersionDate "2025.04.16"]
[SourceQuality "1"]

1. e4 c5 2. Nc3 Nc6 3. f4 g6 4. Nf3 Bg7 5. Bb5 Nd4 6. 0-0 a6 7. Bd3 e6 8. Nxd4 cxd4 9. Ne2 f5 10. exf5 exf5 11. Qe1 Ne7 12. b3 0-0 13. Bb2 Nc6 14. Qf2 Qf6 15. Bc4+ Kh8 16. a4 Rd8 17. g4 d5 18. Bd3 Re8 1-0

[Event "Erbil zt 3.1"]
[Site "Erbil"]
[Date "2025.04.10"]
[Round "3"]
[White "Alalwan, Sajjad Abbas Khudha"]
[Black "Ahmed, Ali Layth Ahmed"]
[Result "0-1"]
[WhiteElo "1917"]
[BlackElo "2220"]
[PlyCount "72"]
[EventDate "2025.04.08"]
[EventType "swiss"]
[EventRounds "9"]
[EventCountry "IRQ"]
[SourceTitle "CB16_2025"]
[SourceDate "2025.04.16"]
[SourceVersion "1"]
[SourceVersionDate "2025.04.16"]
[SourceQuality "1"]

1. e4 c6 2. Nc3 d5 3. Nf3 Bg4 4. h3 Bxf3 5. Qxf3 e6 6. g3 Nd7 7. Bg2 d4 8. Ne2 Bc5 9. 0-0 Ne7 10. Qb3 0-0 11. d3 Bb6 12. a4 c5 13. Bg5 Rb8 14. f4 Kh8 15. f5 f6 16. Bf4 e5 17. Bd2 Nc6 18. Kh2 Ba5 19. c3 Nb6 20. Rf3 dxc3 21. Bxc3 Bxc3 22. bxc3 c4 23. Qd1 cxd3 24. Rxd3 Qe7 25. Qb3 Qf7 26. Qc2 Qc4 27. a5 Nb4 28. Qd1 Nxd3 29. axb6 axb6 30. Ra4 Nb2 31. Rxc4 Nxd1 32. Rb4 Rfd8 33. Kg1 Rd2 34. Bf3 Rc8 35. Ra4 Rxe2 36. Bxe2 Nxc3 0-1

[Event "Muscat-ch op"]
[Site "Muscat"]
[Date "2024.12.28"]
[Round "4"]
[White "Alalwan, Sajjad Abbas Khudha"]
[Black "Al Kuwari, Hamad"]
[Result "1-0"]
[WhiteElo "1971"]
[BlackElo "1736"]
[PlyCount "71"]
[EventDate "2024.12.26"]
[EventType "swiss"]
[EventRounds "9"]
[EventCountry "OMN"]
[SourceTitle "CB01_2025"]
[SourceDate "2025.01.01"]
[SourceVersion "1"]
[SourceVersionDate "2025.01.01"]
[SourceQuality "1"]

1. e4 e6 2. d3 d5 3. Nd2 Nf6 4. Ngf3 Be7 5. g3 b6 6. Bg2 Bb7 7. e5 Nfd7 8. 0-0 c5 9. Re1 Nc6 10. c3 0-0 11. Nf1 Rc8 12. h4 Qc7 13. Bf4 Rfd8 14. Qe2 Nf8 15. Rac1 d4 16. c4 Qd7 17. h5 a6 18. N3d2 b5 19. Qg4 Nb4 20. Bh6 g6 21. Qe2 Bxg2 22. Kxg2 Nxa2 23. Ra1 Nb4 24. Nh2 Nc2 25. Ng4 Nxe1+ 26. Rxe1 Qc6+ 27. Kg1 Nd7 28. b3 bxc4 29. bxc4 a5 30. Ne4 a4 31. Qf3 a3 32. Ra1 Qc7 33. Nef6+ Nxf6 34. Nxf6+ Kh8 35. Qf4 Bf8 36. Bxf8 1-0

[Event "Muscat-ch op"]
[Site "Muscat"]
[Date "2024.12.27"]
[Round "2"]
[White "Alalwan, Sajjad Abbas Khudha"]
[Black "Al Mamari, Mohammed"]
[Result "1-0"]
[WhiteElo "1971"]
[BlackElo "1677"]
[PlyCount "111"]
[EventDate "2024.12.26"]
[EventType "swiss"]
[EventRounds "9"]
[EventCountry "OMN"]
[SourceTitle "CB01_2025"]
[SourceDate "2025.01.01"]
[SourceVersion "1"]
[SourceVersionDate "2025.01.01"]
[SourceQuality "1"]

1. e4 c6 2. d4 d5 3. Nc3 dxe4 4. Nxe4 Nf6 5. Nxf6+ exf6 6. c3 Bd6 7. Bd3 0-0 8. Qc2 Re8+ 9. Ne2 h5 10. Be3 Nd7 11. 0-0-0 Nf8 12. h3 Be6 13. c4 b5 14. c5 Bc7 15. Kb1 a5 16. g4 h4 17. Nc3 b4 18. Na4 Rb8 19. b3 Bd5 20. Rhe1 Ne6 21. Bc4 Bf3 22. Be2 Bxe2 23. Rxe2 Qd5 24. Ree1 Qf3 25. Qf5 Qxf5+ 26. gxf5 Nf4 27. Bxf4 Bxf4 28. Kc2 Rbd8 29. Kd3 Kf8 30. Nb6 Rxe1 31. Rxe1 Bc7 32. Nc4 g6 33. fxg6 fxg6 34. Re6 Be5 35. Nxe5 fxe5 36. Rxe5 Kf7 37. Kc4 Kf6 38. f4 Rd7 39. d5 cxd5+ 40. Rxd5 Re7 41. c6 Re3 42. Rc5 Re8 43. c7 Rc8 44. Kd5 Kf5 45. Rc4 Rxc7 46. Rxc7 Kxf4 47. Rc4+ Kg3 48. Rg4+ Kxh3 49. Rxg6 Kh2 50. Kc4 h3 51. Kb5 Kh1 52. Rh6 h2 53. Kxa5 Kg2 54. Kxb4 h1Q 55. Rxh1 Kxh1 56. a4 1-0

[Event "Asia-ch Amateur"]
[Site "Dubai"]
[Date "2023.09.02"]
[Round "8"]
[White "Ranjith, RK."]
[Black "Alalwan, Sajjad Abbas Khudha"]
[Result "1/2-1/2"]
[WhiteElo "1699"]
[BlackElo "1853"]
[PlyCount "139"]
[EventDate "2023.08.28"]
[EventType "swiss"]
[EventRounds "9"]
[EventCountry "UAE"]
[SourceTitle "CBM 216 Extra"]
[Source "ChessBase"]
[SourceDate "2023.11.30"]
[SourceVersion "1"]
[SourceVersionDate "2023.11.30"]
[SourceQuality "1"]

1. Nc3 d5 2. e4 d4 3. Nce2 e5 4. Ng3 Be6 5. c3 Bc5 6. Nf3 f6 7. Bb5+ c6 8. Ba4 d3 9. b4 Bb6 10. Bb3 Qd7 11. Bxe6 Qxe6 12. Nf5 Kf7 13. 0-0 Ne7 14. Nxe7 Kxe7 15. a4 a5 16. Ba3 Kf7 17. Rb1 Ra7 18. bxa5 Bxa5 19. Nh4 b6 20. Qh5+ Kg8 21. f4 Nd7 22. Rf3 exf4 23. Rxf4 Ne5 24. Rbf1 Qf7 25. Qd1 c5 26. Nf3 Ng6 27. Rf5 Ne7 28. Ng5 Qa2 29. Qh5 g6 30. Qh6 Nxf5 31. exf5 fxg5 32. fxg6 Rg7 33. Qxg5 Rxg6 34. Qd8+ Kg7 35. Qe7+ Kh6 36. Rf3 Qe6 37. Qh4+ Kg7 38. Bb2 c4 39. Qd4+ Rf6 40. Rxf6 Qxf6 41. Qd7+ Kg6 42. Qg4+ Kf7 43. Qxc4+ Qe6 44. Qc7+ Ke8 45. Qb8+ Kd7 46. Qb7+ Kd6 47. Ba3+ Ke5 48. Qg7+ Kd5 49. Qb7+ Kc4 50. h3 Kb3 51. Be7 Rg8 52. Bh4 Bxc3 53. dxc3 d2 54. Qf3 Qe1+ 55. Kh2 Qxh4 56. Qd1+ Kxc3 57. Qa1+ Kd3 58. Qa3+ Ke2 59. Qf3+ Ke1 60. Qe3+ Kd1 61. Qb3+ Kc1 62. Qc3+ Kb1 63. Qb3+ Kc1 64. Qc3+ Kd1 65. Qb3+ Ke1 66. Qe3+ Kf1 67. Qf3+ Qf2 68. Qd1+ Qe1 69. Qf3+ Qf2 70. Qd1+ 1/2-1/2